[Event "FRM-chT 23rd"]
[Site "Struga"]
[Date "2014.07.18"]
[Round "5.2"]
[White "Mitkovski, Zarko"]
[Black "Simovski, Goran"]
[Result "1/2-1/2"]
[WhiteElo "2149"]
[BlackElo "2257"]
[PlyCount "21"]
[EventDate "2014.07.14"]
[EventType "team-tourn"]
[EventRounds "5"]
[EventCountry "MKD"]
[SourceTitle "CBM 161 Extra"]
[Source "ChessBase"]
[SourceDate "2014.08.29"]
[SourceVersion "1"]
[SourceVersionDate "2014.08.29"]
[SourceQuality "1"]
[WhiteTeam "Kumanovo"]
[BlackTeam "Bitola Stevo Patako"]
[WhiteTeamCountry "MKD"]
[BlackTeamCountry "MKD"]

1. d4 Nf6 2. Nf3 e6 3. g3 b6 4. Bg2 Bb7 5. 0-0 c5 6. c4 cxd4 7. Nxd4 Bxg2 8. Kxg2 Qc7 9. b3 a6 10. Bb2 Be7 11. Nc3 1/2-1/2

[Event "FRM-chT 23rd"]
[Site "Struga"]
[Date "2014.07.16"]
[Round "3.2"]
[White "Simovski, Goran"]
[Black "Glavinac, Goran"]
[Result "1-0"]
[WhiteElo "2257"]
[BlackElo "2182"]
[PlyCount "85"]
[EventDate "2014.07.14"]
[EventType "team-tourn"]
[EventRounds "5"]
[EventCountry "MKD"]
[SourceTitle "CBM 161 Extra"]
[Source "ChessBase"]
[SourceDate "2014.08.29"]
[SourceVersion "1"]
[SourceVersionDate "2014.08.29"]
[SourceQuality "1"]
[WhiteTeam "Bitola Stevo Patako"]
[BlackTeam "Skopje Karposh"]
[WhiteTeamCountry "MKD"]
[BlackTeamCountry "MKD"]

1. e4 c6 2. d4 d5 3. f3 e6 4. Ne2 Nf6 5. e5 Nfd7 6. c3 b6 7. g3 Ba6 8. Bh3 c5 9. Be3 Nc6 10. a3 Bxe2 11. Qxe2 c4 12. Nd2 Na5 13. f4 g6 14. 0-0 h5 15. Nf3 Be7 16. Rf2 Nb3 17. Raf1 b5 18. Qc2 Nf8 19. Ng5 Bxg5 20. fxg5 Rh7 21. Rf6 Qe7 22. R1f4 a5 23. Rh4 b4 24. axb4 axb4 25. cxb4 Qxb4 26. Rf1 Ra2 27. Rhf4 Qb6 28. Qc3 Qa5 29. R4f2 Nd7 30. Qc2 Nf8 31. Bxe6 Nxe6 32. Rxf7 Rxf7 33. Qxg6 Qc7 34. Qxe6+ Re7 35. Qg8+ Kd7 36. Qxd5+ Ke8 37. Qb5+ Qd7 38. Qb8+ Qd8 39. Rf8+ Kxf8 40. Qxd8+ Re8 41. Qf6+ Kg8 42. Qg6+ Kf8 43. Qh7 1-0

[Event "FRM-chT 22nd"]
[Site "Struga"]
[Date "2013.08.04"]
[Round "7.2"]
[White "Simovski, Goran"]
[Black "Kiroski, Toni"]
[Result "1/2-1/2"]
[WhiteElo "2253"]
[BlackElo "2341"]
[PlyCount "38"]
[EventDate "2013.07.29"]
[EventType "team-tourn"]
[EventRounds "7"]
[EventCountry "MKD"]
[SourceTitle "CBM 155 Extra"]
[Source "ChessBase"]
[SourceDate "2013.08.26"]
[SourceVersion "1"]
[SourceVersionDate "2013.08.26"]
[SourceQuality "1"]
[WhiteTeam "Bitola Stevo Patako"]
[BlackTeam "Prilep"]
[WhiteTeamCountry "MKD"]
[BlackTeamCountry "MKD"]

1. d4 Nf6 2. Nf3 e6 3. g3 b6 4. Bg2 Bb7 5. 0-0 c5 6. c4 cxd4 7. Nxd4 Bxg2 8. Kxg2 Qc7 9. b3 a6 10. Bb2 Be7 11. Nc3 0-0 12. Rc1 d6 13. e3 Nbd7 14. Qe2 Rfd8 15. Rfd1 Rac8 16. h3 Qb7+ 17. Qf3 Qxf3+ 18. Nxf3 Nc5 19. Nd4 Bf8 1/2-1/2

[Event "FRM-chT 22nd"]
[Site "Struga"]
[Date "2013.07.30"]
[Round "2.2"]
[White "Mitkov, Marjan"]
[Black "Simovski, Goran"]
[Result "1-0"]
[WhiteElo "2336"]
[BlackElo "2253"]
[PlyCount "115"]
[EventDate "2013.07.29"]
[EventType "team-tourn"]
[EventRounds "7"]
[EventCountry "MKD"]
[SourceTitle "CBM 155 Extra"]
[Source "ChessBase"]
[SourceDate "2013.08.26"]
[SourceVersion "1"]
[SourceVersionDate "2013.08.26"]
[SourceQuality "1"]
[WhiteTeam "Skopje Gambit Asseko"]
[BlackTeam "Bitola Stevo Patako"]
[WhiteTeamCountry "MKD"]
[BlackTeamCountry "MKD"]

1. d4 Nf6 2. Nf3 d6 3. c4 g6 4. Nc3 Bg7 5. e4 0-0 6. h3 Nc6 7. d5 Nb8 8. Bd3 e5 9. Bg5 h6 10. Be3 c5 11. Qd2 Kh7 12. g4 Ng8 13. 0-0-0 a6 14. Rdg1 b5 15. h4 bxc4 16. Bxc4 Nf6 17. h5 Nxg4 18. hxg6+ fxg6 19. Ng5+ Kh8 20. Ne6 Bxe6 21. dxe6 Nxe3 22. Qxe3 Kh7 23. Nd5 Nc6 24. Qg3 Rf6 25. e7 Nxe7 26. Nxf6+ Bxf6 27. Bf7 Kg7 28. Bc4 Bg5+ 29. Kb1 Ra7 30. Qd3 Nc6 31. Qd5 Nb4 32. Qe6 Re7 33. Qh3 Qd7 34. Qh2 Bf4 35. Qh3 Qe8 36. Rg2 Kh7 37. Qg4 Rg7 38. Rd1 Qa4 39. Qe2 Qd7 40. Bxa6 Nc6 41. Bb5 Qh3 42. Qf1 Nd4 43. Rxg6 Qf3 44. Rxg7+ Kxg7 45. Qd3 Qxf2 46. a4 Qh4 47. Rg1+ Bg5 48. Bc4 Qh5 49. Rf1 Bf4 50. a5 Qe8 51. Rg1+ Bg5 52. Qf1 Nc6 53. a6 Qe7 54. Qf5 Na7 55. Rg3 Nc6 56. Qc8 Na7 57. Qg8+ Kf6 58. Rb3 1-0

[Event "FRM-chT 18th"]
[Site "Struga"]
[Date "2009.08.16"]
[Round "7"]
[White "Simovski, Goran"]
[Black "Stojcevski, Zoran"]
[Result "1/2-1/2"]
[WhiteElo "2256"]
[BlackElo "2384"]
[PlyCount "67"]
[EventDate "2009.08.10"]
[EventType "team-tourn"]
[EventRounds "7"]
[EventCountry "MKD"]
[SourceTitle "CBM 131 Extra"]
[Source "ChessBase"]
[SourceDate "2009.09.03"]
[SourceVersion "2"]
[SourceVersionDate "2009.09.16"]
[SourceQuality "1"]

1. d4 Nf6 2. Nf3 d5 3. c4 c6 4. Nc3 dxc4 5. a4 Bf5 6. e3 e6 7. Bxc4 Bb4 8. 0-0 Nbd7 9. Bd2 a5 10. Re1 Bg6 11. Na2 Bd6 12. Bc3 Ne4 13. Bd3 Ndf6 14. Qc2 Qc7 15. Rad1 0-0 16. Nc1 b5 17. Bd2 Nxd2 18. Nxd2 Bxh2+ 19. Kf1 Nd5 20. Bxg6 fxg6 21. Nf3 Bd6 22. Qe4 Rae8 23. axb5 cxb5 24. Nd3 Nf6 25. Qh4 h6 26. Rc1 Qb7 27. Nc5 Bxc5 28. dxc5 e5 29. c6 Qc7 30. Re2 g5 31. Qg3 a4 32. Kg1 Re6 33. Nd4 Re7 34. Nxb5 1/2-1/2

[Event "FRM-chT"]
[Site "Struga"]
[Date "2007.07.26"]
[Round "4"]
[White "Simovski, Goran"]
[Black "Menkinoski, Riste"]
[Result "1/2-1/2"]
[WhiteElo "2251"]
[BlackElo "2282"]
[PlyCount "39"]
[EventDate "2007.07.23"]
[EventType "team-tourn"]
[EventRounds "7"]
[EventCountry "MKD"]
[SourceTitle "CBM 119 Extra"]
[Source "ChessBase"]
[SourceDate "2007.09.04"]
[SourceVersion "1"]
[SourceVersionDate "2007.09.04"]
[SourceQuality "1"]

1. e4 c5 2. Nf3 d6 3. d4 cxd4 4. Nxd4 Nf6 5. Nc3 Nc6 6. Be2 e5 7. Nb3 Be7 8. Bg5 0-0 9. Bxf6 Bxf6 10. Nd5 Be6 11. Nxf6+ Qxf6 12. c3 Qg6 13. Bf3 Rad8 14. Qe2 a6 15. Rd1 b5 16. Qe3 Bc4 17. Nd2 Bxa2 18. Ra1 Qe6 19. Qb6 Nb8 20. 0-0 1/2-1/2

[Event "FRM-chT"]
[Site "Struga"]
[Date "2007.07.25"]
[Round "3"]
[White "Ilievski, Dimitar"]
[Black "Simovski, Goran"]
[Result "1/2-1/2"]
[WhiteElo "2329"]
[BlackElo "2251"]
[PlyCount "29"]
[EventDate "2007.07.23"]
[EventType "team-tourn"]
[EventRounds "7"]
[EventCountry "MKD"]
[SourceTitle "CBM 119 Extra"]
[Source "ChessBase"]
[SourceDate "2007.09.04"]
[SourceVersion "1"]
[SourceVersionDate "2007.09.04"]
[SourceQuality "1"]

1. d4 Nf6 2. c4 d6 3. Nc3 Nbd7 4. e4 e5 5. Nf3 c6 6. Be2 Be7 7. 0-0 0-0 8. d5 Nc5 9. Nd2 a5 10. b3 Ne8 11. Na4 Nxa4 12. bxa4 c5 13. Bg4 Bg5 14. Bxc8 Qxc8 15. Nb1 1/2-1/2

[Event "Macedonian op"]
[Site "Struga"]
[Date "2002.07.26"]
[Round "7"]
[White "Trajkovski, Mile"]
[Black "Simovski, Goran"]
[Result "0-1"]
[WhiteElo "2201"]
[BlackElo "2235"]
[PlyCount "132"]
[EventDate "2002.07.20"]
[EventType "swiss"]
[EventRounds "9"]
[EventCountry "MKD"]
[SourceTitle "CBM 089 Extra"]
[Source "ChessBase"]
[SourceDate "2002.09.10"]
[SourceVersion "2"]
[SourceVersionDate "2002.09.10"]
[SourceQuality "1"]

1. e4 e6 2. d4 d5 3. Nc3 Ne7 4. Nf3 b6 5. Bb5+ c6 6. Bd3 Ba6 7. 0-0 Bxd3 8. Qxd3 Ng6 9. Re1 Be7 10. Ne2 dxe4 11. Qxe4 Qd5 12. Qd3 0-0 13. c4 Qd7 14. Nf4 Rd8 15. Nxg6 hxg6 16. Bf4 Na6 17. Rad1 Bf6 18. Qe4 Rac8 19. g4 c5 20. dxc5 Qxd1 21. Rxd1 Rxd1+ 22. Kg2 Nxc5 23. Qc2 Rdd8 24. Be3 Nd3 25. b3 Rd7 26. Kf1 Nb4 27. Qe2 Rcd8 28. g5 Bc3 29. c5 bxc5 30. Bxc5 Rd1+ 31. Kg2 Nd3 32. Be3 a5 33. Qc2 Bb4 34. Qc7 Rd5 35. h4 Ne1+ 36. Nxe1 Rxe1 37. Qh2 Bd6 38. Qh3 Bc5 39. Bxc5 Rxc5 40. Qd3 Rd5 41. Qc2 Red1 42. a3 R1d4 43. Kg3 Rf5 44. Qc8+ Kh7 45. Qb8 Rd3+ 46. Kg2 a4 47. bxa4 Rxa3 48. Qb4 Ra2 49. Qd4 e5 50. Qa7 e4 51. Qd4 e3 52. Qxe3 Rxa4 53. Kg3 Ra1 54. Qe2 Ra3+ 55. Kg4 Ra4+ 56. Kg3 Raf4 57. f3 Rxf3+ 58. Qxf3 Rxf3+ 59. Kxf3 Kg8 60. Ke4 Kf8 61. Kd5 Ke7 62. Ke5 Kd7 63. Kd5 f6 64. Kd4 Kd6 65. Ke4 Ke6 66. Kf4 f5 0-1

[Event "Macedonian op"]
[Site "Struga"]
[Date "2002.07.25"]
[Round "6"]
[White "Simovski, Goran"]
[Black "Hristovski, Srdzan"]
[Result "1-0"]
[WhiteElo "2235"]
[BlackElo "2167"]
[PlyCount "139"]
[EventDate "2002.07.20"]
[EventType "swiss"]
[EventRounds "9"]
[EventCountry "MKD"]
[SourceTitle "CBM 089 Extra"]
[Source "ChessBase"]
[SourceDate "2002.09.10"]
[SourceVersion "2"]
[SourceVersionDate "2002.09.10"]
[SourceQuality "1"]

1. c4 e6 2. Nf3 d5 3. g3 Nf6 4. Bg2 c6 5. b3 Be7 6. 0-0 0-0 7. Bb2 b6 8. Ne5 Bb7 9. cxd5 cxd5 10. Nc3 Nbd7 11. d4 Nxe5 12. dxe5 Nd7 13. Nb5 Nc5 14. Rc1 a6 15. Nd4 b5 16. a3 Qd7 17. Bh3 a5 18. Qd2 Ne4 19. Qe3 g6 20. Rfd1 Nc5 21. Rc2 Rfc8 22. Rdc1 Ne4 23. f3 Bg5 24. Rxc8+ Bxc8 25. f4 Be7 26. Bg2 Bb7 27. Qd3 Bc5 28. e3 b4 29. a4 Ba6 30. Nb5 Bxb5 31. axb5 Qa7 32. Bd4 Bxd4 33. exd4 Nc3 34. Bf1 Rb8 35. g4 Nxb5 36. Rc5 Nc3 37. f5 Ne4 38. Rc6 Qd7 39. Qc2 exf5 40. Rc7 Qd8 41. e6 Nc3 42. exf7+ Kf8 43. Qd2 Qxc7 44. Qh6+ Ke7 45. gxf5 Rf8 46. Qh4+ Kd6 47. Qf6+ Kd7 48. fxg6 Ne2+ 49. Bxe2 Qc1+ 50. Kg2 Qh6 51. Bb5+ Kc7 52. Qe7+ Kb6 53. Qc5+ Kb7 54. Bc6+ Kc7 55. Bxd5+ Kd7 56. Qc6+ Ke7 57. Qe6+ Kd8 58. Qf6+ Kd7 59. Qc6+ Ke7 60. Qe6+ Kd8 61. Qd6+ Kc8 62. Be6+ Kb7 63. Qd5+ Kc7 64. Qxa5+ Kd6 65. Qe5+ Kc6 66. Qc5+ Kb7 67. Bd5+ Ka6 68. Qc6+ Ka5 69. Qc7+ Ka6 70. Bb7+ 1-0

[Event "Macedonian op"]
[Site "Struga"]
[Date "2002.07.22"]
[Round "3"]
[White "Stanojoski, Zvonko"]
[Black "Simovski, Goran"]
[Result "1-0"]
[WhiteElo "2479"]
[BlackElo "2235"]
[PlyCount "77"]
[EventDate "2002.07.20"]
[EventType "swiss"]
[EventRounds "9"]
[EventCountry "MKD"]
[SourceTitle "CBM 089 Extra"]
[Source "ChessBase"]
[SourceDate "2002.09.10"]
[SourceVersion "2"]
[SourceVersionDate "2002.09.10"]
[SourceQuality "1"]

1. e4 Nf6 2. e5 Nd5 3. d4 d6 4. Nf3 Bg4 5. Be2 c6 6. 0-0 Nd7 7. c4 Nc7 8. exd6 exd6 9. Ng5 Bxe2 10. Qxe2+ Qe7 11. Qd1 0-0-0 12. Nc3 h6 13. Re1 Qf6 14. Nge4 Qg6 15. d5 c5 16. f4 f5 17. Ng3 Qf7 18. a4 g6 19. Be3 a6 20. Rb1 Bg7 21. Qd2 Rhe8 22. Kh1 a5 23. Na2 b6 24. b4 cxb4 25. Nxb4 axb4 26. Qxb4 Rxe3 27. Rxe3 Bd4 28. Reb3 Bc5 29. Qd2 Qg7 30. a5 Kb7 31. axb6 Nxb6 32. Qa5 Qd4 33. Qa4 Ra8 34. Qc6+ Kc8 35. Ne2 Qf2 36. Nc3 Kd8 37. Rxb6 Bxb6 38. Qxd6+ Kc8 39. Qxb6 1-0